| 000 | 01714nam a2200397 i 4500 | ||
|---|---|---|---|
| 001 | 3534547 | ||
| 005 | 20260309135705.0 | ||
| 008 | 260212s2026 nyu 000 1 eng d | ||
| 020 |
_a9781538782170 : _c$19.99 |
||
| 020 |
_a1538782170 : _c$19.99 |
||
| 035 | _a(OCoLC)1549670838 | ||
| 035 | _a(OCoLC)on1549670838 | ||
| 040 |
_aPABRO _beng _erda _cPABRO |
||
| 050 | 4 |
_aPS3603.L37 _bS55 2026 |
|
| 082 | 0 | 4 |
_a813/.6 _223 |
| 092 |
_aadult fiction _bClaren |
||
| 100 | 1 |
_aClaren, L. J., _eauthor. _96562028 |
|
| 245 | 1 | 4 |
_aThe silversmith / _cLJ Claren. |
| 264 | 1 |
_aNew York : _bForever, _c2026. |
|
| 300 |
_avii, 499 pages ; _c21 cm. |
||
| 336 | _atext | ||
| 337 | _aunmediated | ||
| 338 | _avolume | ||
| 490 | 0 | _aBook one of the Selvaren series | |
| 520 | _aShe was born to save this world. But falling in love will destroy it. Still reeling from the mysterious deaths of her father and brother, Ary Gold survives only by sheer will in the icy wilds of the North. But when strangers arrive with stories of long-lost magic, Ary is thrust into a fate far larger than her sorrow. | ||
| 650 | 0 |
_aLove _vFiction. _95673905 |
|
| 650 | 0 |
_aArranged marriage _vFiction. _95693703 |
|
| 650 | 7 |
_aFICTION / Fantasy / Dark Fantasy. _2bisacsh _95811749 |
|
| 650 | 7 |
_aFICTION / Romance / Fantasy. _2bisacsh _95686091 |
|
| 650 | 7 |
_aFICTION / Romance / Action & Adventure. _2bisacsh _95811458 |
|
| 655 | 7 |
_aRomance fiction. _2lcgft |
|
| 942 |
_2ddc _cBOOK |
||
| 999 |
_c417137 _d417137 |
||